000 02709cam a2200493 i 4500
003 PE-LiUPU
005 20250731172906.0
008 150506s2015 miu rb 001 0 eng
020 _a0802868894 (cloth : alk. paper)
020 _a9780802868893 (cloth : alk. paper)
035 _a(Sirsi) i9780802868893
040 _aPE-LiUPU
_bspa
_cPE-LiUPU
_erda
049 _aPRUA
082 0 0 _a227
_bB24
_220
100 1 _aBarclay, John M. G,
_euator.
245 1 0 _aPaul and the gift /
_cJohn M.G. Barclay.
264 1 _aGrand Rapids, Michigan :
_bEerdmans Publishing Company,
_c2015.
300 _axvi, 656 páginas ;
_c24 centímetros.
336 _atext
_2rdacontent
337 _aunmediated
_2rdamedia
338 _avolume
_2rdacarrier
504 _aBibliografía : páginas 583-619.
504 _aÍndices : páginas 620-656.
505 0 _aI. THE MULTIPLE MEANINGS OF GIFT AND GRACE. The Anthropology and History of the Gift -- The Perfections of Gift/Grace -- Interpreting Paul on Grace: Shifting Patterns of Perfection -- II. DIVINE GIFT IN SECOND TEMPLE JUDAISM. The Wisdom of Solomon -- Philo of Alexandria -- The Qumran Hodayot -- Pseudo-Philo, Liber Antiquitatum Biblicarum -- 4 Ezra -- The Diverse Dynamics of Grace in Second Temple Judaism -- III. GALATIANS: THE CHRIST-GIFT AND THE RECALIBRATION OF WORTH. Configuring Galatians -- The Christ-Gift and the Recalibration of Norms (Galatians 1-2) -- The Christ-Gift, the Law, and the Promise (Galatians 3:1-5:12, with 6:11-18) -- The New Community as the Expression of the Gift (Galatians 5:13-6:10) -- IV. ROMANS: ISRAEL, THE GENTILES, AND GOD'S CREATIVE GIFT. The Creative Gift and Its Fitting Result (Romans 1:1-5:11) -- New Life in Dying Bodies: Grace and the Construction of a Christian Habitus (Romans 5:12-8:39; 12:1-15:13) -- Israel, Christ, and the Creative Mercy of God (Romans 9-11).
526 _aSEG42
526 _aSEG41
526 _aSEG40
526 _aSEG39
526 _aP94
526 _aP87
526 _aP86
526 _aP85
526 _aP77
526 _aP76
526 _aP35
600 0 4 _aPaulus,
_cvan Tarsus,
_dapproximately 6 v.Chr-67.
910 _jck
_bhop
_chop
_d20160526
942 _2ddc
_cBOOK
949 _a227 B24
_wDEWEY
_c1
_i73209
_lCCODEBUL1
_mBUL
_p70.00
_r0
_sY
_tBOOK
_u2016-5-26
_xTEOLOGIA
_PP85
_0COMPRA
_o.CIRCNOTE. El documento es de alto precio.
_o.STAFF. Posgrado
994 _aC0
_bPEPRU
596 _a1
999 _a227.06 B24
_wLC
_c15215
_i75564
_d15215
_e2017-10-29
_f2021-11-9
_g5
_lCCODEBUL1
_mBUL
_n1
_p66.99
_q2
_r0
_sY
_tBOOK
_u2017-1-25
_xTEOLOGIA
_PP85
_0COMPRA
_o.STAFF. Colección Teología
980 _81
_gALBERTO SANCHEZ Responsable de Automatización